Quick Pick: 'A' Countries Quiz Stats

 Plays Quiz Updated Mar 15, 2016

Challenge
Share
Tweet
Embed
Score 0/11 Timer 00:30
0 Plays Today
% Correct
Argentina
89.2%
Austria
87.9%
Algeria
84.3%
Australia
82.8%
Afghanistan
81.7%
Andorra
80.8%
Antigua and Barbuda
73.2%
Albania
56.5%
Angola
54.9%
Azerbaijan
53.8%
Armenia
50.7%

Today's Daily Dose

You're not logged in!

Compare scores with friends on all Sporcle quizzes.
OR
Log In

You Might Also Like...

Show Comments

Extras

Top Quizzes Today


Score Distribution

Your Account Isn't Verified!

In order to create a playlist on Sporcle, you need to verify the email address you used during registration. Go to your Sporcle Settings to finish the process.

Report this User

Report this user for behavior that violates our Community Guidelines.

Details: